000
00259nam a2200097 a 4500
005
20200930080328.0
008
120329s1882 000 spa d
245
0
_a
Enriquillo, leyenda histórica dominicana.
260
_a
Santo Domingo,
_c
1882.
999
_c
36866
_d
36866
040
_a
DO-SdBNP